000 00516nam a2200181Ia 4500
005 20250508153821.0
008 008 250505s9999 xx 000 0 eng d
037 _aTextual
040 _aFEDL
_beng
_cFEDL
041 _aeng
_2eng
084 _a372.4, RUS
_qFEDL
100 _aRussell David H
_9764474
245 0 _aManual for teaching the reading-readiness program
260 _aBoston, USA
_bGinn and Company
_c1948
300 _a244p.
942 _cTEXL
_h372.4, RUS
999 _c1345707
_d1345707